000 00505nam a2200169Ia 4500
003 GCL
008 140319s9999 xx 000 0 eng d
020 _a019520851X
040 _aGCL /
_cGCL
082 0 4 _a330.91724
_bW P
245 1 0 _aWORLD DEVELOPMENT REPORT 1990 :
_bPOVERTY
260 _aنيويورك :
_bOXFORD UNIVERSITY PRESS ،
_c1990
300 _aXII,266 P
_bILL. ؛
_c30 cm.
650 0 4 _aUNDERDEVELOPED AREAS - PERIODICALS
650 0 4 _aECONOMIC DEVELOPMENT - PERIODICALS
942 _2ddc
_cBK
999 _c3243
_d3243